Professor Bonzinho = Aluno Difícil - A Questão Da Indisciplina Em Sala De Aula (Record no. 125544)

MARC details
000 -LÍDER
campo de controle de tamanho fixo 00268 a2200097 4500
001 - NÚMERO DE CONTROLE
campo de controle 125544
040 ## - FONTE DA CATALOGAÇÃO
Instituição que transcreveu o registro Escola Canadense de Niteroi
100 ## - ENTRADA PRINCIPAL--NOME PESSOAL
Nome pessoal Antunes, Celso
245 10 - TÍTULO
Título Professor Bonzinho = Aluno Difícil - A Questão Da Indisciplina Em Sala De Aula
942 ## - ELEMENTOS DE ENTRADA ADICIONADOS (KOHA)
Tipo de material Koha Referência
Holdings
Situação do descarte Situação das perdas Situação física Não pode ser emprestado Biblioteca de origem Biblioteca atual Data de aquisição Total de empréstimos Código de barras Data de último acesso Data do preço efetivo Tipo de material Koha
        Canadian School of Niterói - Piratininga Canadian School of Niterói - Piratininga 09/02/2024   A03115 09/02/2024 09/02/2024 Referência